Statistiques concernant Devinez la langue #02

Cliquez ici pour prendre le quiz!

Statistiques générales

  • Ce quiz a été pris 185 fois
  • Le résultat moyen est 5 sur 16

Statistiques - réponses

PhraseLangue% Correct
Dove posso comprare i biglietti ?Italien
95%
Είναι το σπίτι του ΦιλίππουGrec
84%
wat doet u voor uw beroep?Néerlandais
59%
Một người đàn ông cao tuổiVietnamien
56%
Včera zemřel slavný herec.Tchèque
49%
Mikä on sinun sähköpostiosoitteesi ?Finnois
36%
میں اردو نھیں بولتاOurdou
25%
ქალი დედას სურათს უხატავს.Géorgien
24%
Wote wamejaliwa akili na dhamiri.Swahili
24%
অমি কওখওনও দুম্পন্ কওর্বও ন.Bengali
16%
Keni dhoma të disponueshme?Albanais
14%
ဦးတင်မောင်တွေ့ဖို့ မြန်မာပြည်ကို လာတယ်Birman
14%
Dwi'n dod o'r unol daleithiau.Gallois
11%
هیله کوم بیا یي ولولیPachto
11%
አትክልት ተመጋቢ ነኝAmharique
10%
ශ්‍රී ලංකා ප්‍රජාතාන්ත්‍රික සමාජවාදී ජනරජයSinghalais
3%

Distribution des résultats

Percentile par nombre de réponses

% des personnes avec chaque résultat

Votre développement - résultats

Vous n’avez pas pris ce quiz